| 000 | 00943nam a22002537a 4500 | ||
|---|---|---|---|
| 005 | 20170124103047.0 | ||
| 010 | _aA-929542 | ||
| 020 | _c150.00 | ||
| 035 | _aA-929542 | ||
| 037 | _bCen Lib/Ret | ||
| 040 |
_aDPL _bHN |
||
| 082 |
_aउ _bजीलानी |
||
| 100 |
_aजीलानी बानो _969344 |
||
| 245 |
_aनगमे का सफ़र / _cजीलानी बानो |
||
| 246 |
_aNagme ka safar / _bby Jeelani Bano |
||
| 260 |
_aनयी दिल्ली _bविद्या प्रकाशन मंदिर _c1997 |
||
| 270 |
_a1681, दरियागंज _bनयी दिल्ली _e110002 |
||
| 300 |
_a192पृ. _c21सेमी (सजिल्द) |
||
| 650 |
_aहिन्दी साहित्य _969345 |
||
| 650 |
_aउपन्यास _969346 |
||
| 650 |
_aHindi literature _969347 |
||
| 650 |
_aFiction _98901 |
||
| 942 |
_2ddc _cHN _hउ _mजीलानी |
||
| 999 |
_c116975 _d116975 |
||